Notas críticas a propósito de la obra de J. Acosta (Record no. 19132)
[ view plain ]
| 000 -CABECERA | |
|---|---|
| campo de control de longitud fija | 00850nab#a2200277#c#4500 |
| 003 - IDENTIFICADOR DEL NÚMERO DE CONTROL | |
| campo de control | IEF |
| 005 - FECHA Y HORA DE LA ÚLTIMA TRANSACCIÓN | |
| campo de control | 20191204135147.0 |
| 008 - CÓDIGOS DE INFORMACIÓN DE LONGITUD FIJA | |
| campo de control de longitud fija | 950704s1976 ESP|| #####0 b|SPA|u |
| 040 ## - FUENTE DE LA CATALOGACIÓN | |
| Centro catalogador de origen | IEF |
| Centro transcriptor | ES-MaIEF |
| 041 ## - CÓDIGO DE LENGUA | |
| Código de lengua del texto/banda sonora o título independiente | SPA |
| 100 1# - PUNTO DE ACCESO PRINCIPAL - NOMBRE DE PERSONA | |
| Nombre de persona | Braña Pino, Francisco Javier |
| 9 (RLIN) | 7206 |
| 245 ## - MENCIÓN DE TÍTULO | |
| Título | Notas críticas a propósito de la obra de J. Acosta |
| Resto del título | "El desarrollo capitalista y la democracia en España" |
| Mención de responsabilidad etc. | Javier Braña, Mikel Buesa y José Molero |
| 260 ## - PUBLICACIÓN, DISTRIBUCIÓN, ETC. (PIE DE IMPRENTA) | |
| Fecha de publicación distribución etc. | 1976 |
| 500 ## - NOTA GENERAL | |
| Nota general | Bibliografía |
| 650 #4 - PUNTO DE ACCESO ADICIONAL DE MATERIA--TÉRMINO DE MATERIA | |
| Término de materia o nombre geográfico como elemento inicial | CAPITALISMO |
| 9 (RLIN) | 33520 |
| 650 #4 - PUNTO DE ACCESO ADICIONAL DE MATERIA--TÉRMINO DE MATERIA | |
| Término de materia o nombre geográfico como elemento inicial | ESPAÑA |
| 9 (RLIN) | 41092 |
| 650 #4 - PUNTO DE ACCESO ADICIONAL DE MATERIA--TÉRMINO DE MATERIA | |
| Término de materia o nombre geográfico como elemento inicial | DEMOCRACIA |
| 9 (RLIN) | 41808 |
| 650 #4 - PUNTO DE ACCESO ADICIONAL DE MATERIA--TÉRMINO DE MATERIA | |
| Término de materia o nombre geográfico como elemento inicial | HISTORIA |
| 9 (RLIN) | 45399 |
| 650 #4 - PUNTO DE ACCESO ADICIONAL DE MATERIA--TÉRMINO DE MATERIA | |
| Término de materia o nombre geográfico como elemento inicial | SIGLO XIX |
| 9 (RLIN) | 48415 |
| 700 1# - PUNTO DE ACCESO ADICIONAL--NOMBRE DE PERSONA | |
| Nombre de persona | Buesa Blanco, Mikel |
| 9 (RLIN) | 7839 |
| 700 1# - PUNTO DE ACCESO ADICIONAL--NOMBRE DE PERSONA | |
| Nombre de persona | Molero Zayas, José |
| 9 (RLIN) | 29900 |
| 773 0# - ENLACE AL DOCUMENTO FUENTE | |
| Título | Hacienda pública española |
| Número de control del registro relacionado | 34570 |
| Parte(s) relacionada(s) | 38, p. 243-253 |
| 942 ## - ELEMENTOS DE PUNTO DE ACCESO ADICIONAL (KOHA) | |
| Fuente del sistema de clasificación o colocación | |
| 942 ## - ELEMENTOS DE PUNTO DE ACCESO ADICIONAL (KOHA) | |
| Fuente del sistema de clasificación o colocación | |
| Estado de retiro | Estado de pérdida | Estado dañado | No para préstamo | Localización permanente | Fecha de adquisición | Signatura topográfica completa | Código de barras | Fecha visto por última vez | Precio válido a partir de | Tipo de ítem Koha |
|---|---|---|---|---|---|---|---|---|---|---|
| Disponible para préstamo | IEF | 1995-07-04 | HPE/1976/38-16 | HPE/1976/38-16 | 2018-02-19 | 2018-02-19 | Artículos |